[Event "HUN-ch Rapid 2019"]
[Site "Ajka"]
[Date "2019.07.20"]
[Round "5.20"]
[White "Terbe, Zsuzsanna"]
[Black "Hoang, Thanh Trang"]
[Result "0-1"]
[WhiteElo "2160"]
[BlackElo "2414"]
[Annotator "TA"]
[PlyCount "50"]
[EventDate "2019.07.18"]
[EventType "swiss"]
[EventCountry "HUN"]
[SourceTitle "playchess.com"]
[Source "ChessBase"]
[SourceQuality "1"]

{[%evp 9,50,14,10,0,0,0,7,12,18,2,17,12,40,36,36,37,51,17,32,12,14,31,20,-30,-32,-25,-27,-21,-21,-21,-27,-43,37,30,27,17,9,-359,-371,-402,-402,-420,-417]} 1. e4 e6 2. d4 d5 3. Nd2 h6 (3... c5 4. Ngf3 Nc6 5. Bb5 a6 6. exd5 axb5 7. dxc6 bxc6 8. dxc5 Bxc5 9. O-O Nf6 10. b3 Bd4 11. Nxd4 Qxd4 12. Qf3 O-O 13. c3 Qd5 14. Qxd5 cxd5 {½-½ (75) Yu,Y (2751)-Rapport,R (2726) Shenzhen 2019}) 4. Bd3 c5 5. exd5 exd5 6. Qe2+ {C03: French Tarrasch: Unusual Black 3rd moves} Be7 {White must now prevent ...c4.} 7. dxc5 Nf6 8. Ngf3 {The position is equal.} O-O 9. Nb3 Re8 $146 ({Predecessor:} 9... Nbd7 10. Be3 Re8 11. Bb5 {½-½ (22) Jovanovic,B (2072)-Schenning,A (2013) LSS email 2014}) 10. Be3 a5 11. a4 Na6 12. Bxa6 Rxa6 13. O-O Ng4 14. Qd2 Nxe3 15. Qxe3 Bf6 16. Qd3 Bxb2 17. Rad1 Bf6 18. Qxd5 Qxd5 19. Rxd5 Be6 $36 {[%mdl 2048] Black has some pressure.} 20. Rd6 Bc4 (20... Rxd6 $15 21. cxd6 b6) 21. Rfd1 Bc3 22. Rxa6 Bxa6 23. Nfd4 $2 {[%mdl 8192] [#]} (23. h3 $11) 23... Rd8 $1 $19 {Black is winning.} 24. g3 {White hopes to continue with Kg2.} Bc4 25. Rb1 Bxd4 {Accuracy: White = 38%, Black = 73%.} 0-1

[Event "HUN-ch Rapid 2019"]
[Site "Ajka"]
[Date "2019.07.20"]
[Round "6.1"]
[White "Almasi, Zoltan"]
[Black "Papp, Gabor"]
[Result "1-0"]
[WhiteElo "2687"]
[BlackElo "2587"]
[Annotator "TA"]
[PlyCount "63"]
[EventDate "2019.07.18"]
[EventType "swiss"]
[EventCountry "HUN"]
[SourceTitle "playchess.com"]
[Source "ChessBase"]
[SourceQuality "1"]

{[%evp 19,63,2,22,20,60,60,60,63,99,99,86,58,81,80,93,82,94,80,96,101,99,99,103,102,122,97,142,134,193,221,204,195,203,165,393,381,382,369,382,336,435,429,415,430,416,405]} 1. Nf3 Nf6 2. c4 e6 3. g3 d5 4. Bg2 Be7 5. O-O O-O 6. d4 dxc4 7. Qc2 a6 8. Qxc4 b5 9. Qc2 Bb7 10. Bg5 Be4 11. Qc1 {E05: Open Catalan: 5 Nf3 Be7} c6 (11... Nbd7 12. Nbd2 Bd5 13. Nb3 c6 14. Rd1 Rc8 15. Nc5 Nxc5 16. dxc5 Qc7 17. b4 a5 18. a3 Ra8 {0-1 (47) Harikrishna,P (2763)-Nakamura,H (2787) chess.com INT 2016}) 12. Nbd2 {[#] And now Bxf6 would win.} Bxf3 $146 ({Predecessor:} 12... Bg6 13. Nb3 Ne4 14. Bxe7 Qxe7 15. Ne5 Nd6 16. a4 Ra7 17. Na5 Rc7 18. Naxc6 Nxc6 19. Nxc6 {1-0 (29) Kristiansen,W (2041)-Nettelbeck,J (1790) Helsingor 2017}) 13. Nxf3 {White is slightly better.} h6 14. Bd2 Qb6 15. Qc2 Nbd7 16. b4 Rfc8 17. Rfc1 Nd5 18. a3 Qa7 19. e4 N5b6 20. Bf1 Bd8 21. Ra2 Qb7 22. Qb3 Na4 23. Rac2 a5 {[#]} (23... Nab6 $16 {might work better.} 24. Be2 Nf6) 24. d5 $1 $18 {[%cal Rd5c6]} exd5 25. exd5 c5 26. bxc5 Ndxc5 $2 (26... Naxc5 27. Qxb5 (27. Qe3 Bb6 $14) 27... Qxd5) 27. Qxb5 Qxd5 28. Bg2 {Black must now prevent Ng5.} ({Don't play} 28. Qe8+ Kh7 $18) 28... Be7 29. Ne1 Rab8 30. Qxb8 $1 ({Less strong is} 30. Bxd5 Rxb5 31. Nf3 Bf6 $16) 30... Qxg2+ 31. Kxg2 Rxb8 32. Bxa5 {Accuracy: White = 80%, Black = 34%.} 1-0

[Event "HUN-ch Rapid 2019"]
[Site "Ajka"]
[Date "2019.07.20"]
[Round "6.2"]
[White "Banusz, Tamas"]
[Black "Czebe, Attila"]
[Result "1-0"]
[WhiteElo "2626"]
[BlackElo "2436"]
[Annotator "TA"]
[PlyCount "51"]
[EventDate "2019.07.18"]
[EventType "swiss"]
[EventCountry "HUN"]
[SourceTitle "playchess.com"]
[Source "ChessBase"]
[SourceQuality "1"]

{[%evp 12,51,38,24,40,24,39,19,20,8,40,23,59,70,168,196,226,235,235,236,217,220,226,231,256,211,358,356,354,350,379,354,436,436,439,420,385,401,446,358,345,191]} 1. d4 Nf6 2. Nf3 b6 3. g3 Bb7 4. Bg2 g6 5. O-O Bg7 6. c4 O-O 7. d5 Ne4 {A50: Queen's Fianchetto Defence (1 d4 Nf6 2 c4 b6)} (7... e6 8. Nc3 Re8 9. Nd4 exd5 10. cxd5 Na6 11. Rb1 Nc5 12. Bf4 Nce4 13. Nxe4 Nxe4 14. Nb5 d6 15. Qc2 Bxd5 16. Qxc7 {1-0 (54) So,W (2765)-Mamedyarov,S (2817) Kolkata 2018}) 8. Qc2 f5 9. Rd1 Na6 {The position is equal.} 10. Be3 c5 $146 ({Predecessor:} 10... Qe8 11. Bd4 e5 12. dxe6 Bxd4 13. Nxd4 dxe6 14. Nd2 Nd6 15. Bxb7 Nxb7 {½-½ (33) Esipenko,A (2589)-Kovalenko,I (2641) Riga 2018}) 11. dxc6 Bxc6 12. Nd4 $36 {[%mdl 2048] White is pushing.} Bb7 {[#]} (12... Bxd4 $14 13. Bxd4 Rc8) 13. Ne6 $1 $18 {[%cal Re6d8][%mdl 512]} dxe6 14. Rxd8 Rfxd8 15. Nd2 Nec5 16. Bxb7 Nxb7 17. Rd1 Nd6 18. Qa4 Nc5 (18... Nc7 {might work better.} 19. Qb3 Bf6) 19. Bxc5 $1 bxc5 20. Nb3 Rdc8 21. Qd7 Kf8 {[#]} 22. Nxc5 $1 {[%mdl 512]} Rxc5 23. Rxd6 $1 Rac8 24. Rxe6 R8c7 25. Qd2 Rxc4 {[#]} 26. Qd8+ {Accuracy: White = 71%, Black = 24%.} (26. e4 $142 $1) 1-0

[Event "HUN-ch Rapid 2019"]
[Site "Ajka"]
[Date "2019.07.20"]
[Round "6.3"]
[White "Jakab, Attila"]
[Black "Balog, Imre"]
[Result "1/2-1/2"]
[WhiteElo "2377"]
[BlackElo "2566"]
[Annotator "ChessBase"]
[PlyCount "77"]
[EventDate "2019.07.18"]
[EventType "swiss"]
[EventCountry "HUN"]
[SourceTitle "playchess.com"]
[Source "ChessBase"]
[SourceQuality "1"]
[TimeControl "1200+5"]

1. d4 {[%emt 0:00:01]} d5 {[%emt 0:00:03]} 2. c4 {[%emt 0:00:03]} c6 {[%emt 0:00:01]} 3. Nf3 {[%emt 0:00:05]} Nf6 {[%emt 0:00:05]} 4. e3 {[%emt 0:00:10]} g6 {[%emt 0:00:14]} 5. Nc3 {[%emt 0:00:05]} Bg7 {[%emt 0:00:08]} 6. Be2 {[%emt 0:00:05]} O-O {[%emt 0:00:09]} 7. O-O {[%emt 0:00:03]} a6 {[%emt 0:00:05]} 8. b3 {[%emt 0:00:09]} Bf5 {[%emt 0:00:10]} 9. Bb2 {[%emt 0:00:19]} Nbd7 {[%emt 0:00:04]} 10. h3 {[%emt 0:00:08]} Re8 {[%emt 0:00:26]} 11. Re1 {[%emt 0:00:35]} Rc8 {[%emt 0:00:50]} 12. Bd3 {[%emt 0:01:03]} Bxd3 {[%emt 0:00:29]} 13. Qxd3 {[%emt 0:00:02]} e6 {[%emt 0:00:29]} 14. e4 {[%emt 0:01:47]} dxe4 {[%emt 0:01:34]} 15. Nxe4 {[%emt 0:00:02]} Nxe4 {[%emt 0:00:02]} 16. Qxe4 {[%emt 0:00:02]} Qa5 {[%emt 0:00:04]} 17. Re2 {[%emt 0:01:07]} Red8 {[%emt 0:00:27]} 18. Qc2 {[%emt 0:00:37]} c5 {[%emt 0:00:41]} 19. dxc5 {[%emt 0:00:08]} Bxb2 {[%emt 0:02:20]} 20. Qxb2 {[%emt 0:00:02]} Qxc5 {[%emt 0:00:02]} 21. Rd1 {[%emt 0:00:13]} Nb8 {[%emt 0:00:45]} 22. Red2 {[%emt 0:00:48]} Nc6 {[%emt 0:00:01]} 23. Qf6 {[%emt 0:00:18]} Rxd2 {[%emt 0:00:30]} 24. Rxd2 {[%emt 0:00:02]} Qf5 {[%emt 0:00:09]} 25. Qxf5 {[%emt 0:00:29]} gxf5 {[%emt 0:00:02]} 26. Rd7 {[%emt 0:00:17]} b5 {[%emt 0:00:01]} 27. cxb5 {[%emt 0:00:48]} axb5 {[%emt 0:00:00]} 28. Nd4 {[%emt 0:02:40]} Nxd4 {[%emt 0:00:34]} 29. Rxd4 {[%emt 0:00:01]} Rc1+ {[%emt 0:00:03]} 30. Kh2 {[%emt 0:00:02]} Rc2 {[%emt 0:00:03]} 31. f4 {[%emt 0:00:59]} Rxa2 {[%emt 0:00:21]} 32. Rd8+ {[%emt 0:00:02]} Kg7 {[%emt 0:00:01]} 33. Rb8 {[%emt 0:00:01]} h5 {[%emt 0:00:19]} 34. h4 {[%emt 0:00:19]} f6 {[%emt 0:01:15]} 35. Rxb5 {[%emt 0:00:36]} Re2 {[%emt 0:00:01]} 36. Kg3 {[%emt 0:00:49]} e5 {[%emt 0:00:23]} 37. Kf3 {[%emt 0:00:02]} Re1 38. g3 {[%emt 0:00:31]} Kg6 {[%emt 0:00:06]} 39. b4 {[%emt 0:00:35]} 1/2-1/2

[Event "HUN-ch Rapid 2019"]
[Site "Ajka"]
[Date "2019.07.20"]
[Round "6.4"]
[White "Farago, Ivan"]
[Black "Gledura, Benjamin"]
[Result "0-1"]
[WhiteElo "2350"]
[BlackElo "2654"]
[Annotator "TA"]
[PlyCount "38"]
[EventDate "2019.07.18"]
[EventType "swiss"]
[EventCountry "HUN"]
[SourceTitle "playchess.com"]
[Source "ChessBase"]
[SourceQuality "1"]

{[%evp 18,38,95,87,97,66,68,52,46,27,9,12,0,-22,0,8,0,0,0,0,0,0,0]} 1. d4 Nf6 2. c4 d6 3. Nf3 Nbd7 4. Nc3 e5 5. e4 g6 6. Be2 Bg7 7. O-O O-O 8. Be3 c6 9. d5 c5 10. Ne1 Kh8 {E94: King's Indian: Classical: 6 Be2 e5 7 0-0: Various Black 7th moves} 11. Kh1 Ng8 12. g4 f5 {White is slightly better.} 13. gxf5 (13. f3 {keeps more tension.} f4 14. Bf2 b6 15. Nd3 Nh6 16. h4) 13... gxf5 14. exf5 {[#] The position is equal.} Ndf6 $146 ({Predecessor:} 14... Nh6 15. Ne4 Nxf5 16. Bg5 Nf6 17. Nf3 Qe8 18. Nfd2 {1-0 (34) Sabuk,P (2222)-Moranda,W (2570) Wroclaw 2013}) 15. f4 {Hoping for fxe5.} (15. Nf3 {feels hotter.} Ne7 16. Rg1 Nxf5 17. Bg5 Qe8 18. Nd2) 15... exf4 16. Bxf4 {Threatening Bd3.} Bxf5 {[#]} 17. Bxd6 $1 {[%mdl 512]} Qxd6 18. Rxf5 Nh6 19. Rf1 Nfg4 {[%mdl 32768] Loss on time!?} 0-1

[Event "HUN-ch Rapid 2019"]
[Site "Ajka"]
[Date "2019.07.20"]
[Round "6.5"]
[White "Ruck, Robert"]
[Black "Horvath, Peter"]
[Result "1/2-1/2"]
[WhiteElo "2524"]
[BlackElo "2418"]
[Annotator "TA"]
[PlyCount "112"]
[EventDate "2019.07.18"]
[EventType "swiss"]
[EventCountry "HUN"]
[SourceTitle "playchess.com"]
[Source "ChessBase"]
[SourceQuality "1"]

{[%evp 13,112,43,28,7,9,6,10,12,20,6,9,12,16,23,34,34,26,24,47,54,56,24,20,19,19,0,0,0,21,21,21,21,12,18,1,0,0,-51,9,8,65,45,45,48,45,45,45,22,22,17,17,17,25,0,0,0,0,0,-5,-5,0,-24,-25,-108,-25,-108,-106,-99,-99,-93,-99,-99,-99,-99,-99,-218,-206,-475,-445,-402,-43,-54,-47,-183,-41,-134,-142,-238,-211,-364,-116,-135,-135,-135,-8,-64,-8,-8,-8,-8,-8]} 1. Nf3 d5 2. d4 Nf6 3. c4 e6 4. Nc3 Bb4 5. Bg5 Nbd7 6. cxd5 exd5 7. Qc2 O-O 8. a3 {D38: Queen's Gambit Declined: Ragozin Defence (4 Nf3 Bb4)} (8. e3 c5 9. Bd3 h6 10. Bh4 c4 11. Bf5 Nb6 12. Bxc8 Rxc8 13. O-O Qd6 14. a4 Nbd7 15. Nd2 Qb6 16. Rfe1 Rfe8 17. Bg3 a6 18. h3 {½-½ (45) Kryakvin,D (2588)-Sarana,A (2618) Khanty-Mansiysk 2018}) 8... Bxc3+ 9. Qxc3 h6 10. Bh4 c6 11. Nd2 Qe8 12. f3 Qe6 13. e3 Re8 14. Bf2 b6 15. Bd3 $146 ({Predecessor:} 15. g4 c5 {½-½ (49) Seljodkin,J (2471)-Hyldkrog,L (2473) Finland 2001}) 15... c5 16. O-O Bb7 17. Qc2 Rac8 {[#] Threatens to win with ...cxd4.} 18. Bf5 Qe7 {And now ...cxd4 would win.} 19. Qd3 g6 $36 {[%mdl 2048] Black has some pressure.} 20. Bh3 cxd4 21. Qxd4 Rc2 22. Rfc1 Rec8 23. Rxc2 Rxc2 24. Rb1 Ne5 25. Bh4 (25. Bg3 $11 Nfd7 26. Bxd7 Nxd7 27. Nb3) 25... g5 (25... Ba6 $15) 26. Bg3 $11 Nc4 ({Black should try} 26... Nc6 $11 27. Qd3 Qc5) 27. Nxc4 Rxc4 28. Qe5 Qxe5 29. Bxe5 g4 30. fxg4 Ne4 31. g5 hxg5 32. Bd7 a6 33. Rd1 Bc8 34. Bxc8 Rxc8 {[%mdl 4096] Endgame KRB-KRN} 35. h3 f6 36. Bd4 Rc6 37. Kf1 Kf7 38. Ke1 (38. Kg1 $11 {keeps the balance.}) 38... Ke6 (38... b5 $17 39. Kf1 Rc2) 39. b3 (39. a4 $11) 39... b5 40. Rb1 Rc2 41. Rb2 Rxb2 42. Bxb2 $17 {KB-KN} Nc5 {[#] aiming for ...Nd3+.} 43. Ke2 Nxb3 44. g3 (44. Bc3 $17) 44... Nc5 $19 45. Kf3 $2 (45. Bc3 {keeps fighting.}) 45... Ne4 46. h4 gxh4 $2 (46... a5 $19 47. h5 b4) 47. gxh4 $15 Kf5 48. Bd4 (48. Ke2 $1 $15) 48... a5 (48... Nd2+ $19 49. Ke2 Nc4) 49. Bb2 (49. Ke2 $1 $15) 49... Nd6 50. Bc3 (50. Ke2 $17) 50... Nc4 $19 51. h5 $2 (51. Ke2) 51... Kg5 $2 (51... Nxa3 $19 {is more deadly.} 52. Bxa5 Nc4) 52. e4 $17 dxe4+ ({Much worse is} 52... Kxh5 53. exd5 Kg5 54. Ke4 $11) 53. Kxe4 Kxh5 ({Better is} 53... a4 $17 54. Bb4 f5+ 55. Kd5 Kxh5) 54. Kf5 (54. Bxf6 $11 Nxa3 55. Kd3) 54... Nxa3 (54... a4 $15 55. Bb4 Ne3+ 56. Ke4 Nc2) 55. Bxa5 $11 Nc4 56. Be1 Nd6+ {Accuracy: White = 30%, Black = 44%.} 1/2-1/2

[Event "HUN-ch Rapid 2019"]
[Site "Ajka"]
[Date "2019.07.20"]
[Round "6.6"]
[White "Vertetics, Attila"]
[Black "Marosi, Levente"]
[Result "1-0"]
[WhiteElo "2438"]
[BlackElo "2225"]
[Annotator "NA"]
[PlyCount "89"]
[EventDate "2019.07.18"]
[EventType "swiss"]
[EventCountry "HUN"]
[SourceTitle "playchess.com"]
[Source "ChessBase"]
[SourceQuality "1"]
[TimeControl "1200+5"]

1. d4 {[%emt 0:00:01]} Nf6 {[%emt 0:00:01]} 2. Bg5 {[%emt 0:00:02]} Ne4 {[%emt 0:00:12]} 3. Bf4 {[%emt 0:00:01]} c5 {[%emt 0:00:01]} 4. f3 {[%emt 0:00:05]} Qa5+ {[%emt 0:00:01]} 5. c3 {[%emt 0:00:03]} Nf6 {[%emt 0:00:00]} 6. Nd2 {[%emt 0:00:02]} cxd4 {[%emt 0:00:02]} 7. Nb3 {[%emt 0:00:03]} Qb6 8. Qxd4 {[%emt 0:00:02]} Nc6 {[%emt 0:01:17]} 9. Qxb6 {[%emt 0:00:02]} axb6 {[%emt 0:00:01]} 10. Nd4 {[%emt 0:00:03]} e5 {[%emt 0:00:54]} 11. Nxc6 {[%emt 0:00:02]} exf4 {[%emt 0:00:01]} 12. Nd4 {[%emt 0:00:01]} Bc5 {[%emt 0:00:14]} 13. Nh3 {[%emt 0:00:32]} Bxd4 {[%emt 0:00:56]} 14. cxd4 {[%emt 0:00:02]} Nd5 {[%emt 0:00:01]} 15. g3 {[%emt 0:00:30]} fxg3 {[%emt 0:03:47]} 16. hxg3 {[%emt 0:00:01]} Nb4 {[%emt 0:00:07]} 17. Kd2 {[%emt 0:00:04]} Rxa2 {[%emt 0:00:41]} 18. Rxa2 {[%emt 0:00:01]} Nxa2 {[%emt 0:00:01]} 19. Nf4 {[%emt 0:00:38]} Nb4 {[%emt 0:01:27]} 20. Rh5 {[%emt 0:01:47]} d6 {[%emt 0:00:28]} 21. Rb5 {[%emt 0:00:12]} Nc6 {[%emt 0:00:04]} 22. e3 {[%emt 0:00:07]} Kd8 {[%emt 0:00:55]} 23. Bc4 {[%emt 0:00:48]} f6 {[%emt 0:01:11]} 24. Rxb6 {[%emt 0:01:02]} g5 {[%emt 0:00:39]} 25. Nh5 {[%emt 0:02:23]} Rf8 {[%emt 0:00:26]} 26. Bd3 {[%emt 0:00:21]} h6 {[%emt 0:00:51]} 27. g4 {[%emt 0:00:07]} Kc7 {[%emt 0:01:47]} 28. Rb5 {[%emt 0:00:03]} b6 {[%emt 0:00:20]} 29. Rb3 {[%emt 0:00:09]} d5 {[%emt 0:01:03]} 30. Ng3 {[%emt 0:00:19]} Bd7 {[%emt 0:00:27]} 31. Ra3 {[%emt 0:00:07]} Kb7 {[%emt 0:01:08]} 32. Ra1 {[%emt 0:00:16]} Ne7 {[%emt 0:01:00]} 33. Rh1 {[%emt 0:00:13]} Rh8 {[%emt 0:00:33]} 34. e4 {[%emt 0:03:38]} Kc7 {[%emt 0:01:12]} 35. Ke3 {[%emt 0:00:25]} dxe4 {[%emt 0:00:22]} 36. Bxe4 {[%emt 0:00:16]} Kd6 {[%emt 0:00:07]} 37. Ra1 {[%emt 0:00:21]} Rf8 {[%emt 0:00:24]} 38. Ra6 {[%emt 0:00:28]} Rb8 {[%emt 0:00:10]} 39. Ra7 {[%emt 0:00:06]} Nc8 {[%emt 0:00:06]} 40. Ra3 {[%emt 0:00:58]} Ne7 {[%emt 0:00:01]} 41. Ra6 {[%emt 0:00:03]} Nc8 {[%emt 0:00:00]} 42. Bf5 {[%emt 0:00:04]} Ne7 {[%emt 0:00:25]} 43. Ne4+ {[%emt 0:00:12]} Kc7 {[%emt 0:00:06]} 44. Ra7+ {[%emt 0:00:04]} Rb7 {[%emt 0:00:03]} 45. Rxb7+ {[%emt 0:00:02]} 1-0

[Event "HUN-ch Rapid 2019"]
[Site "Ajka"]
[Date "2019.07.20"]
[Round "6.7"]
[White "Popovics, Adam"]
[Black "Aczel, Gergely"]
[Result "0-1"]
[WhiteElo "2365"]
[BlackElo "2540"]
[Annotator "ChessBase"]
[PlyCount "90"]
[EventDate "2019.07.18"]
[EventType "swiss"]
[EventCountry "HUN"]
[SourceTitle "playchess.com"]
[Source "ChessBase"]
[SourceQuality "1"]
[TimeControl "1200+5"]

1. d4 {[%emt 0:00:03]} Nf6 {[%emt 0:00:01]} 2. c4 {[%emt 0:00:03]} e6 {[%emt 0:00:01]} 3. Nc3 {[%emt 0:00:05]} Bb4 {[%emt 0:00:02]} 4. Qc2 {[%emt 0:00:03]} O-O {[%emt 0:00:02]} 5. Nf3 {[%emt 0:00:01]} c5 {[%emt 0:00:12]} 6. a3 {[%emt 0:00:31]} Bxc3+ {[%emt 0:00:08]} 7. Qxc3 {[%emt 0:00:01]} cxd4 {[%emt 0:00:17]} 8. Nxd4 {[%emt 0:00:13]} b6 {[%emt 0:00:30]} 9. Bg5 {[%emt 0:00:42]} Bb7 {[%emt 0:00:13]} 10. f3 {[%emt 0:00:13]} h6 {[%emt 0:00:17]} 11. Bh4 {[%emt 0:00:09]} d5 {[%emt 0:00:53]} 12. cxd5 {[%emt 0:00:35]} Nxd5 {[%emt 0:01:20]} 13. Bxd8 {[%emt 0:00:01]} Nxc3 {[%emt 0:00:01]} 14. Bh4 {[%emt 0:00:03]} Nd5 {[%emt 0:02:24]} 15. e4 {[%emt 0:01:59]} Ne3 {[%emt 0:00:15]} 16. Bf2 {[%emt 0:00:01]} Nxf1 {[%emt 0:00:02]} 17. Kxf1 {[%emt 0:00:24]} Ba6+ {[%emt 0:00:23]} 18. Kg1 {[%emt 0:00:05]} Rc8 {[%emt 0:00:56]} 19. h3 {[%emt 0:00:52]} e5 {[%emt 0:00:08]} 20. Nf5 {[%emt 0:00:11]} Rc2 {[%emt 0:00:03]} 21. Ne7+ {[%emt 0:00:25]} Kf8 {[%emt 0:00:41]} 22. Nd5 {[%emt 0:00:01]} Bb7 {[%emt 0:00:09]} 23. Rd1 {[%emt 0:00:17]} Bxd5 {[%emt 0:00:56]} 24. Rxd5 {[%emt 0:00:02]} Nc6 {[%emt 0:00:01]} 25. b4 {[%emt 0:00:09]} Rd8 {[%emt 0:00:19]} 26. Bg3 {[%emt 0:00:09]} f6 {[%emt 0:02:06]} 27. Rxd8+ {[%emt 0:00:05]} Nxd8 {[%emt 0:00:01]} 28. Kh2 {[%emt 0:00:02]} Ne6 {[%emt 0:00:23]} 29. Rd1 {[%emt 0:00:13]} Ke7 {[%emt 0:00:17]} 30. Kg1 {[%emt 0:00:24]} Rc3 {[%emt 0:00:27]} 31. Ra1 {[%emt 0:00:12]} Rb3 {[%emt 0:01:38]} 32. Kf1 {[%emt 0:00:46]} a6 {[%emt 0:00:19]} 33. Be1 {[%emt 0:00:43]} Nd4 {[%emt 0:00:37]} 34. Bf2 {[%emt 0:00:23]} b5 {[%emt 0:00:12]} 35. Ra2 {[%emt 0:01:29]} g5 {[%emt 0:00:18]} 36. Rd2 {[%emt 0:00:50]} Rxa3 {[%emt 0:00:05]} 37. Bxd4 {[%emt 0:00:02]} exd4 {[%emt 0:00:01]} 38. Rxd4 {[%emt 0:00:01]} Ra4 {[%emt 0:00:11]} 39. h4 {[%emt 0:00:47]} a5 {[%emt 0:00:40]} 40. e5 {[%emt 0:00:14]} fxe5 {[%emt 0:00:47]} 41. Rd5 {[%emt 0:00:16]} Rxb4 {[%emt 0:00:08]} 42. hxg5 {[%emt 0:00:05]} hxg5 {[%emt 0:00:37]} 43. Rxe5+ {[%emt 0:00:02]} Kf6 {[%emt 0:00:01]} 44. Rc5 {[%emt 0:00:11]} a4 {[%emt 0:00:08]} 45. Kf2 {[%emt 0:00:06]} a3 {[%emt 0:00:07]} 0-1

[Event "HUN-ch Rapid 2019"]
[Site "Ajka"]
[Date "2019.07.20"]
[Round "6.8"]
[White "Horvath, Adam"]
[Black "Videki, Sandor"]
[Result "1-0"]
[WhiteElo "2517"]
[BlackElo "2401"]
[Annotator "ChessBase"]
[PlyCount "65"]
[EventDate "2019.07.18"]
[EventType "swiss"]
[EventCountry "HUN"]
[SourceTitle "playchess.com"]
[Source "ChessBase"]
[SourceQuality "1"]
[TimeControl "1200+5"]

1. e4 {[%emt 0:00:03]} c5 {[%emt 0:00:09]} 2. Nf3 {[%emt 0:00:01]} d6 {[%emt 0:00:02]} 3. d4 {[%emt 0:00:01]} cxd4 {[%emt 0:00:01]} 4. Nxd4 {[%emt 0:00:02]} Nf6 {[%emt 0:00:01]} 5. Nc3 {[%emt 0:00:01]} Nc6 {[%emt 0:00:01]} 6. Bg5 {[%emt 0:00:19]} Bd7 {[%emt 0:00:04]} 7. Qd2 {[%emt 0:00:04]} Nxd4 {[%emt 0:00:05]} 8. Qxd4 {[%emt 0:00:02]} Qa5 {[%emt 0:00:01]} 9. Bd2 {[%emt 0:00:12]} Rc8 {[%emt 0:00:23]} 10. Nb5 {[%emt 0:01:47]} Qb6 {[%emt 0:00:02]} 11. Qxb6 {[%emt 0:00:24]} axb6 {[%emt 0:00:01]} 12. Nc3 {[%emt 0:00:18]} Bc6 {[%emt 0:00:16]} 13. f3 {[%emt 0:00:51]} e6 {[%emt 0:04:44]} 14. Be3 {[%emt 0:01:58]} d5 {[%emt 0:00:19]} 15. exd5 {[%emt 0:00:22]} Nxd5 {[%emt 0:00:02]} 16. Nxd5 {[%emt 0:00:01]} exd5 {[%emt 0:04:25]} 17. Bxb6 {[%emt 0:00:31]} Bd6 {[%emt 0:00:15]} 18. Bd4 {[%emt 0:00:48]} O-O {[%emt 0:00:06]} 19. O-O-O {[%emt 0:00:34]} b5 {[%emt 0:01:22]} 20. c3 {[%emt 0:02:55]} b4 {[%emt 0:01:15]} 21. Kb1 {[%emt 0:00:02]} Ba4 {[%emt 0:00:10]} 22. b3 {[%emt 0:00:07]} bxc3 {[%emt 0:00:22]} 23. Rc1 {[%emt 0:00:01]} Bd7 {[%emt 0:01:28]} 24. Rxc3 {[%emt 0:00:07]} Bf5+ {[%emt 0:00:16]} 25. Ka1 {[%emt 0:04:14]} Rxc3 {[%emt 0:03:37]} 26. Bxc3 {[%emt 0:00:01]} Rc8 {[%emt 0:00:01]} 27. Bb2 {[%emt 0:00:35]} d4 {[%emt 0:00:06]} 28. Bc4 {[%emt 0:00:17]} d3 {[%emt 0:00:09]} 29. Rd1 {[%emt 0:01:20]} Re8 {[%emt 0:00:11]} 30. a4 {[%emt 0:00:17]} d2 {[%emt 0:00:41]} 31. Bc3 {[%emt 0:00:47]} Bf4 {[%emt 0:00:44]} 32. Kb2 {[%emt 0:00:16]} Rd8 {[%emt 0:01:12]} 33. a5 {[%emt 0:00:03]} 1-0